Design inspirations / (Record no. 354041)

000 -LEADER
fixed length control field 01708nam a2200301 a 4500
001 - CONTROL NUMBER
control field ASIN386654037X
003 - CONTROL NUMBER IDENTIFIER
control field OSt
005 - DATE AND TIME OF LATEST TRANSACTION
control field 20180116192425.0
008 - FIXED-LENGTH DATA ELEMENTS--GENERAL INFORMATION
fixed length control field 150128s2007 xxu eng d
020 ## - INTERNATIONAL STANDARD BOOK NUMBER
International Standard Book Number 386654037X (hardcover)
Terms of availability $119.95
020 ## - INTERNATIONAL STANDARD BOOK NUMBER
International Standard Book Number 9783866540378 (hardcover)
020 ## - INTERNATIONAL STANDARD BOOK NUMBER
International Standard Book Number 9783866540378
040 ## - CATALOGING SOURCE
Transcribing agency 0
050 04 - LIBRARY OF CONGRESS CALL NUMBER
Classification number TS171.6
082 04 - DEWEY DECIMAL CLASSIFICATION NUMBER
Classification number 745.2
245 10 - TITLE STATEMENT
Title Design inspirations /
Statement of responsibility, etc. Daab Books.
250 ## - EDITION STATEMENT
Edition statement Box ed.
260 ## - PUBLICATION, DISTRIBUTION, ETC.
Place of publication, distribution, etc. London :
Name of publisher, distributor, etc. daab,
Date of publication, distribution, etc. 2007.
300 ## - PHYSICAL DESCRIPTION
Extent 700 p. ;
Dimensions 33 cm.
490 1# - SERIES STATEMENT
Series statement Inspiartions bks.
520 ## - SUMMARY, ETC.
Summary, etc. Technological developments, social and global trends and issues influence the current projects and work approach of designers. Also materials and production methods have never had a bigger influence on up-to-date design than in the age of nanotechnology and biopolymers. Nowadays objects are not regarded purely esthetic anymore, the functionality of design will gain more and more importance in the future. This fourth volume of the Inspiration series offers a comprehensive overview of projects and products of international designers on over 700 pages. This extremly fascinating and inspiring mix portrays the latest developments in a captivating and informative manner. The book is divided into the chapters: furniture, household, industrial design, lighting and textiles. An index with contact information of the designers and architects is enclosed.
650 #0 - SUBJECT ADDED ENTRY--TOPICAL TERM
Topical term or geographic name entry element Industrial design
9 (RLIN) 7919
700 1# - ADDED ENTRY--PERSONAL NAME
Personal name Books, Daab.
9 (RLIN) 7920
830 #0 - SERIES ADDED ENTRY--UNIFORM TITLE
Uniform title Inspiartions bks.
9 (RLIN) 7921
856 40 - ELECTRONIC LOCATION AND ACCESS
Materials specified Amazon.com
Uniform Resource Identifier <a href="http://www.amazon.com/exec/obidos/ASIN/386654037X/chopaconline-20">http://www.amazon.com/exec/obidos/ASIN/386654037X/chopaconline-20</a>
942 ## - ADDED ENTRY ELEMENTS (KOHA)
Source of classification or shelving scheme
Koha item type Reference
Holdings
Withdrawn status Lost status Source of classification or shelving scheme Damaged status Not for loan Permanent Location Current Location Date acquired Total Checkouts Full call number Barcode Date last seen Copy number Cost, replacement price Price effective from Koha item type
          School of Art Design and Architecture (SADA) School of Art Design and Architecture (SADA) 01/26/2015   REF 745.2 DES 2007 SADA0002420 01/28/2015 01 8897.31 01/28/2015 Reference
© 2023 Central Library, National University of Sciences and Technology. All Rights Reserved.